Catálogo

Galileo goes to Jail : (Registro nro. 57098)

Detalles MARC
000 -LEADER
fixed length control field 00833nam a2200265 a 4500
001 - CONTROL NUMBER
control field 57098
005 - DATE AND TIME OF LATEST TRANSACTION
control field 20180714053151.0
008 - FIXED-LENGTH DATA ELEMENTS--GENERAL INFORMATION
fixed length control field 140415s2000 xxu 000 0 spa d
020 ## - INTERNATIONAL STANDARD BOOK NUMBER
International Standard Book Number 978-0-674-03327-6
041 ## - LANGUAGE CODE
Language code of text/sound track or separate title spa
082 0# - DEWEY DECIMAL CLASSIFICATION NUMBER
Classification number 215
Item number NUM
100 1# - MAIN ENTRY--PERSONAL NAME
Personal name Numbers, Ronald L.
Relator term editor
245 10 - TITLE STATEMENT
Title Galileo goes to Jail :
Remainder of title and other about science and religion /
Statement of responsibility, etc. Ronald L. Numbers.
250 ## - EDITION STATEMENT
Edition statement 1a ed.
260 ## - PUBLICATION, DISTRIBUTION, ETC.
Place of publication, distribution, etc. [s.l.] :
Name of publisher, distributor, etc. HARVARD UNIVERSITY PRESS,
Date of publication, distribution, etc. 2000.
264 #1 - PRODUCTION, PUBLICATION, DISTRIBUTION, MANUFACTURE, AND COPYRIGHT NOTICE
Place of production, publication, distribution, manufacture Estados Unidos de América :
Name of producer, publisher, distributor, manufacturer Harvard University Press ;
Date of production, publication, distribution, manufacture, or copyright notice 2009
300 ## - PHYSICAL DESCRIPTION
Extent x, 302 páginas : ;
Dimensions 21 cm.
336 ## - CONTENT TYPE
Content type term texto
Source trdacontent
337 ## - MEDIA TYPE
Media type term sin mediación
Source rdamedia
338 ## - CARRIER TYPE
Carrier type term volumen
Source rdacarrier
650 #4 - SUBJECT ADDED ENTRY--TOPICAL TERM
Topical term or geographic name entry element Ciencia
General subdivision Historia
650 #4 - SUBJECT ADDED ENTRY--TOPICAL TERM
Topical term or geographic name entry element Religión
650 #4 - SUBJECT ADDED ENTRY--TOPICAL TERM
Topical term or geographic name entry element Ciencia
650 #4 - SUBJECT ADDED ENTRY--TOPICAL TERM
Topical term or geographic name entry element Religión y estado
Existencias
Withdrawn status Lost status Source of classification or shelving scheme Damaged status Not for loan Collection code Home library Current library Shelving location Date acquired Source of acquisition Inventory number Total Checkouts Full call number Barcode Date last seen Price effective from Koha item type
    Dewey Decimal Classification     General Centro de Estudios en Ciencia y Religión Centro de Estudios en Ciencia y Religión Sala general 03/12/2013 Compra 151000000000000000015330   215 NUM 2009 86231 05/01/2026 20/11/2015 Libro